[Event "Niteroi op 1st"]
[Site "Niteroi"]
[Date "2019.09.05"]
[Round "3"]
[White "Guimaraes, Diogo Duarte"]
[Black "Rego, Sandro da Silva"]
[Result "1-0"]
[WhiteElo "2296"]
[BlackElo "1984"]
[PlyCount "109"]
[EventDate "2019.09.04"]
[EventType "swiss"]
[EventRounds "7"]
[EventCountry "BRA"]
[SourceTitle "EXT 2020"]
[Source "ChessBase"]
[SourceDate "2019.10.17"]
[SourceVersion "1"]
[SourceVersionDate "2019.10.17"]
[SourceQuality "1"]

1. e4 d5 2. exd5 Qxd5 3. Nc3 Qa5 4. d4 c6 5. Bc4 Nf6 6. Nf3 Bg4 7. h3 Bxf3 8. Qxf3 e6 9. Bd2 Qb6 10. 0-0-0 Be7 11. Rhe1 0-0 12. Be3 Qa5 13. Bd2 Qb6 14. Bg5 Nbd7 15. d5 Qc5 16. Bxf6 Nxf6 17. Qe2 cxd5 18. Bxd5 Nxd5 19. Nxd5 Bg5+ 20. f4 Bd8 21. Nc3 Bh4 22. Ne4 Qa5 23. g3 Be7 24. Rd7 Rfe8 25. Kb1 Qb6 26. Qh5 h6 27. Nd6 g6 28. Qe5 Bxd6 29. Rxd6 Qf2 30. g4 Rad8 31. Red1 Rxd6 32. Qxd6 Qf3 33. Qd7 Rf8 34. g5 h5 35. b3 Rb8 36. Qd4 Ra8 37. Rd3 Qg2 38. Kb2 Rc8 39. Rc3 Rxc3 40. Qxc3 Qe4 41. Qe5 Qf3 42. Qb8+ Kg7 43. Qxa7 Qxf4 44. Qxb7 e5 45. Qd5 e4 46. Qd4+ Kh7 47. a4 Qf3 48. Qf6 Qxf6+ 49. gxf6 g5 50. a5 g4 51. hxg4 h4 52. a6 h3 53. a7 h2 54. a8Q h1Q 55. Qf8 1-0

[Event "IECG L1.2000.0.00010 email"]
[Site "IECG email"]
[Date "2000.03.05"]
[Round "?"]
[White "Bruckmayr, Friedrich"]
[Black "Rego, Sandro da Silva"]
[Result "1/2-1/2"]
[WhiteElo "2191"]
[BlackElo "1846"]
[PlyCount "38"]
[EventDate "2000.03.05"]
[EventType "tourn (corr)"]
[EventRounds "14"]
[SourceTitle "Corr 2008"]
[Source "ChessBase"]
[SourceDate "2008.06.24"]
[SourceVersion "1"]
[SourceVersionDate "2008.06.24"]
[SourceQuality "1"]

1. e4 c5 2. Nf3 d6 3. d4 cxd4 4. Nxd4 Nf6 5. Nc3 a6 6. f4 e5 7. Nf3 Nc6 8. Be2 Qb6 9. Nd2 Qd4 10. Nb3 Qxd1+ 11. Bxd1 Be7 12. 0-0 Be6 13. Be3 Bc4 14. Re1 0-0 15. Bf3 Rfc8 16. Nd2 Be6 17. f5 Bd7 18. g4 Nd4 19. g5 Nxf3+ 1/2-1/2

[Event "IECG L1.2000.0.00010 email"]
[Site "IECG email"]
[Date "2000.03.05"]
[Round "?"]
[White "Rego, Sandro da Silva"]
[Black "Barkwell, Michael C"]
[Result "1/2-1/2"]
[WhiteElo "1846"]
[BlackElo "1922"]
[PlyCount "37"]
[EventDate "2000.03.05"]
[EventType "tourn (corr)"]
[EventRounds "14"]
[SourceTitle "Corr 2008"]
[Source "ChessBase"]
[SourceDate "2008.06.24"]
[SourceVersion "1"]
[SourceVersionDate "2008.06.24"]
[SourceQuality "1"]

1. e4 e5 2. Nc3 Nf6 3. Bc4 Bc5 4. d3 d6 5. Nf3 Bg4 6. 0-0 0-0 7. h3 Bh5 8. g4 Bg6 9. Na4 Nbd7 10. Nxc5 Nxc5 11. Be3 Ne6 12. c3 Qd7 13. Nh4 a6 14. Qb3 b5 15. Bxe6 Qxe6 16. Qxe6 fxe6 17. Nxg6 hxg6 18. f4 exf4 19. Bxf4 1/2-1/2

[Event "IECG L1.2000.0.00008 email"]
[Site "IECG email"]
[Date "2000.01.12"]
[Round "?"]
[White "Barhorst, Arthur ThN"]
[Black "Rego, Sandro da Silva"]
[Result "1-0"]
[WhiteElo "1600"]
[BlackElo "1852"]
[PlyCount "39"]
[EventDate "2000.01.12"]
[EventType "tourn (corr)"]
[EventRounds "14"]
[SourceTitle "Corr 2008"]
[Source "ChessBase"]
[SourceDate "2008.06.24"]
[SourceVersion "1"]
[SourceVersionDate "2008.06.24"]
[SourceQuality "1"]

1. e4 c5 2. Nf3 d6 3. d4 cxd4 4. Nxd4 Nf6 5. Nc3 a6 6. Bg5 e6 7. f4 Nbd7 8. Qf3 Be7 9. 0-0-0 Qc7 10. g4 b5 11. Bxf6 Nxf6 12. g5 Nd7 13. f5 Ne5 14. Qg3 b4 15. Nce2 Bb7 16. fxe6 Bxe4 17. Bg2 Bxg2 18. Qxg2 Rc8 19. exf7+ Nxf7 20. Nf4 1-0

[Event "IECG L1.2000.0.00008 email"]
[Site "IECG email"]
[Date "2000.01.12"]
[Round "?"]
[White "Malmstroem, Jan"]
[Black "Rego, Sandro da Silva"]
[Result "1-0"]
[WhiteElo "2101"]
[BlackElo "1852"]
[PlyCount "51"]
[EventDate "2000.01.12"]
[EventType "tourn (corr)"]
[EventRounds "14"]
[SourceTitle "Corr 2008"]
[Source "ChessBase"]
[SourceDate "2008.06.24"]
[SourceVersion "1"]
[SourceVersionDate "2008.06.24"]
[SourceQuality "1"]

1. e4 c5 2. Nf3 d6 3. d4 cxd4 4. Nxd4 Nf6 5. Nc3 a6 6. Be2 e5 7. Nb3 Be6 8. f4 Qc7 9. g4 b5 10. f5 Bc4 11. g5 Nfd7 12. Be3 Nc6 13. h4 Be7 14. Bxc4 bxc4 15. Nd5 Qb7 16. Nd2 c3 17. bxc3 Nd8 18. h5 Rc8 19. h6 g6 20. f6 Bf8 21. Rb1 Qc6 22. Rb4 Ne6 23. Nc4 Rc7 24. Na5 Qa8 25. Nxc7+ Nxc7 26. Rb7 1-0

[Event "IECG L1.2000.0.00008 email"]
[Site "IECG email"]
[Date "2000.01.12"]
[Round "?"]
[White "Nava Baro, Enrique"]
[Black "Rego, Sandro da Silva"]
[Result "1-0"]
[WhiteElo "2118"]
[BlackElo "1852"]
[PlyCount "51"]
[EventDate "2000.01.12"]
[EventType "tourn (corr)"]
[EventRounds "14"]
[SourceTitle "Corr 2008"]
[Source "ChessBase"]
[SourceDate "2008.06.24"]
[SourceVersion "1"]
[SourceVersionDate "2008.06.24"]
[SourceQuality "1"]

1. d4 Nf6 2. c4 g6 3. Nc3 Bg7 4. e4 d6 5. Nf3 0-0 6. Be2 e5 7. 0-0 Nc6 8. d5 Ne7 9. b4 Nh5 10. Re1 f5 11. Ng5 Nf4 12. Bxf4 exf4 13. Rc1 h6 14. Ne6 Bxe6 15. dxe6 a5 16. b5 Bxc3 17. Rxc3 fxe4 18. Bf1 Nf5 19. Rxe4 Qf6 20. Rf3 g5 21. b6 c6 22. g4 Ng7 23. Rd3 Ne8 24. Rh3 Ng7 25. Qxd6 Rae8 26. c5 1-0

[Event "IECG L1.2000.0.00008 email"]
[Site "IECG email"]
[Date "2000.01.12"]
[Round "?"]
[White "Potapenko, Denis Petrovich"]
[Black "Rego, Sandro da Silva"]
[Result "0-1"]
[WhiteElo "1850"]
[BlackElo "1852"]
[PlyCount "46"]
[EventDate "2000.01.12"]
[EventType "tourn (corr)"]
[EventRounds "14"]
[SourceTitle "Corr 2008"]
[Source "ChessBase"]
[SourceDate "2008.06.24"]
[SourceVersion "1"]
[SourceVersionDate "2008.06.24"]
[SourceQuality "1"]

1. d4 Nf6 2. Nc3 d5 3. Bg5 Nbd7 4. Nf3 h6 5. Bh4 e6 6. e4 dxe4 7. Nxe4 Be7 8. Nxf6+ Nxf6 9. Bd3 0-0 10. 0-0 c5 11. c3 b6 12. Re1 Bb7 13. Bc2 cxd4 14. cxd4 Rc8 15. Rc1 Bxf3 16. gxf3 Nd5 17. Bg3 Bg5 18. Qd3 f5 19. f4 Bxf4 20. Bxf4 Nxf4 21. Qf3 Qxd4 22. Rcd1 Qb4 23. Bb3 Rcd8 0-1

[Event "IECG L1.2000.0.00008 email"]
[Site "IECG email"]
[Date "2000.01.12"]
[Round "?"]
[White "Rego, Sandro da Silva"]
[Black "Hebels, Alex"]
[Result "1/2-1/2"]
[WhiteElo "1852"]
[BlackElo "1954"]
[PlyCount "81"]
[EventDate "2000.01.12"]
[EventType "tourn (corr)"]
[EventRounds "14"]
[SourceTitle "Corr 2008"]
[Source "ChessBase"]
[SourceDate "2008.06.24"]
[SourceVersion "1"]
[SourceVersionDate "2008.06.24"]
[SourceQuality "1"]

1. e4 d6 2. d4 Nf6 3. Nc3 Nbd7 4. f4 e5 5. Nf3 exd4 6. Qxd4 c6 7. Be3 d5 8. exd5 Bc5 9. Qd3 0-0 10. 0-0-0 Qb6 11. Bxc5 Nxc5 12. Qc4 Rd8 13. d6 Be6 14. Qd4 Ne8 15. b4 Nd7 16. Ng5 c5 17. bxc5 Nxc5 18. Nxe6 Nxe6 19. Qxb6 axb6 20. d7 Nf6 21. Bb5 Nxf4 22. Rd2 Ne6 23. Rhd1 Kf8 24. a4 Nc5 25. Kb2 g6 26. Kc1 h6 27. Rd4 h5 28. g3 Ra5 29. R1d2 Raa8 30. Kb1 Ke7 31. Nd5+ Nxd5 32. Rxd5 Nxa4 33. Re2+ Kf6 34. Bxa4 Rxa4 35. Kb2 Ra5 36. Rd6+ Kg7 37. Kb3 Kf8 38. Kb4 Rc5 39. Rd4 Rc7 40. Red2 Ke7 41. Re4+ 1/2-1/2

[Event "IECG L1.2000.0.00008 email"]
[Site "IECG email"]
[Date "2000.01.12"]
[Round "?"]
[White "Rego, Sandro da Silva"]
[Black "Marez, Sebastien"]
[Result "0-1"]
[WhiteElo "1852"]
[BlackElo "1900"]
[PlyCount "88"]
[EventDate "2000.01.12"]
[EventType "tourn (corr)"]
[EventRounds "14"]
[SourceTitle "Corr 2008"]
[Source "ChessBase"]
[SourceDate "2008.06.24"]
[SourceVersion "1"]
[SourceVersionDate "2008.06.24"]
[SourceQuality "1"]

1. e4 c6 2. d4 d5 3. Nc3 dxe4 4. Nxe4 Bf5 5. Ng3 Bg6 6. Nf3 Nd7 7. h4 h6 8. h5 Bh7 9. Bd3 Bxd3 10. Qxd3 e6 11. Bf4 Qa5+ 12. c3 Ngf6 13. a4 Be7 14. b4 Qd5 15. Qc2 Nb6 16. a5 Nc4 17. a6 b6 18. Qe2 Rd8 19. 0-0 Qb5 20. Be5 0-0 21. Bxf6 Bxf6 22. Ne4 Be7 23. Rfe1 Rd5 24. Ra2 Rfd8 25. g4 Bf8 26. Kg2 R5d7 27. Ned2 Nxd2 28. Rxd2 Rc7 29. Ne5 Be7 30. Ra2 Bf6 31. Qxb5 cxb5 32. Ra3 Rdc8 33. Re3 Bxe5 34. dxe5 Rd7 35. Ra2 Rc4 36. Kg3 Kf8 37. f3 Ke7 38. Rb2 Rd1 39. Ra2 Rg1+ 40. Kf2 Rc1 41. Ra3 Rc2+ 42. Ke1 Rc7 43. Kd1 Rh2 44. Rd3 Rd7 0-1

[Event "IECG L1.2000.0.00008 email"]
[Site "IECG email"]
[Date "2000.01.12"]
[Round "?"]
[White "Rego, Sandro da Silva"]
[Black "Sobirey, Michael"]
[Result "0-1"]
[WhiteElo "1852"]
[BlackElo "1760"]
[PlyCount "62"]
[EventDate "2000.01.12"]
[EventType "tourn (corr)"]
[EventRounds "14"]
[SourceTitle "Corr 2008"]
[Source "ChessBase"]
[SourceDate "2008.06.24"]
[SourceVersion "1"]
[SourceVersionDate "2008.06.24"]
[SourceQuality "1"]

1. e4 d6 2. d4 Nf6 3. Nc3 c6 4. f4 Qa5 5. Bd2 e5 6. Nf3 exd4 7. Nxd4 Qb6 8. Nb3 a5 9. Qe2 a4 10. Be3 Qc7 11. Nd2 Be7 12. 0-0-0 b5 13. a3 Qa5 14. Nf3 0-0 15. h3 b4 16. axb4 Qxb4 17. Qc4 d5 18. exd5 a3 19. b3 a2 20. Kb2 Qa5 21. Na4 Nxd5 22. Bd2 Bf6+ 23. Kxa2 Qa7 24. Qe4 Nb6 25. Bd3 g6 26. Rhe1 c5 27. Bb5 Bf5 28. Qe3 Nxa4 29. bxa4 Bxc2 30. a5 Bxd1 31. Rxd1 Bd8 0-1

[Event "IECG L1.2000.0.00008 email"]
[Site "IECG email"]
[Date "2000.01.12"]
[Round "?"]
[White "Rego, Sandro da Silva"]
[Black "Wodniczak, Arkadiusz"]
[Result "0-1"]
[WhiteElo "1852"]
[BlackElo "2094"]
[PlyCount "88"]
[EventDate "2000.01.12"]
[EventType "tourn (corr)"]
[EventRounds "14"]
[SourceTitle "Corr 2008"]
[Source "ChessBase"]
[SourceDate "2008.06.24"]
[SourceVersion "1"]
[SourceVersionDate "2008.06.24"]
[SourceQuality "1"]

1. e4 e5 2. Nc3 Nf6 3. f4 d5 4. fxe5 Nxe4 5. Nf3 Be7 6. Qe2 f5 7. d3 Nxc3 8. bxc3 0-0 9. Qf2 c5 10. Be2 Qa5 11. Bd2 Qa4 12. 0-0 Nc6 13. Rfc1 b6 14. Bf1 f4 15. Be1 Bf5 16. Rd1 g5 17. h3 Rad8 18. a3 g4 19. hxg4 Bxg4 20. d4 cxd4 21. cxd4 Bxf3 22. gxf3 Nxe5 23. Qe2 Nc6 24. Bh3 Rf6 25. Bf2 Rg6+ 26. Kh2 Kh8 27. c3 Qa5 28. Be1 Rdg8 29. Bd2 Bh4 30. Bg4 Bg3+ 31. Kg2 R6g7 32. Rh1 Rf8 33. Qd3 Ne7 34. Rh5 Qa4 35. Rah1 Ng6 36. Rxd5 Nh4+ 37. Kh3 Qxa3 38. Rg1 Ng6 39. Kg2 Re8 40. Rh5 Qe7 41. Kf1 Nh4 42. Re5 Qd8 43. Qe2 Rge7 44. Re4 Qd6 0-1

[Event "IECG L1 email"]
[Site "IECG email"]
[Date "2000.??.??"]
[Round "?"]
[White "Nava Baro, Enrique"]
[Black "Rego, Sandro da Silva"]
[Result "1-0"]
[WhiteElo "2118"]
[BlackElo "1852"]
[PlyCount "41"]
[EventDate "2000.01.??"]
[EventType "tourn (corr)"]
[EventRounds "14"]
[SourceTitle "Corr 2008"]
[Source "ChessBase"]
[SourceDate "2008.06.24"]
[SourceVersion "1"]
[SourceVersionDate "2008.06.24"]
[SourceQuality "1"]

1. d4 Nf6 2. c4 g6 3. Nc3 Bg7 4. e4 d6 5. Nf3 0-0 6. Be2 e5 7. 0-0 Nc6 8. d5 Ne7 9. b4 Nh5 10. Re1 f5 11. Ng5 Nf4 12. Bxf4 exf4 13. Rc1 h6 14. Ne6 Bxe6 15. dxe6 a5 16. b5 fxe4 17. Bf1 Nf5 18. Rxe4 Qf6 19. b6 c6 20. g4 Rae8 21. c5 1-0

[Event "IECG L1 email"]
[Site "IECG email"]
[Date "2000.??.??"]
[Round "?"]
[White "Rego, Sandro da Silva"]
[Black "Pinus, Ruben Mario"]
[Result "1/2-1/2"]
[WhiteElo "1852"]
[BlackElo "2000"]
[PlyCount "22"]
[EventDate "2000.01.??"]
[EventType "tourn (corr)"]
[EventRounds "14"]
[SourceTitle "Corr 2008"]
[Source "ChessBase"]
[SourceDate "2008.06.24"]
[SourceVersion "1"]
[SourceVersionDate "2008.06.24"]
[SourceQuality "1"]

1. e4 c5 2. c4 Nc6 3. Nc3 g6 4. g3 Bg7 5. Bg2 Nf6 6. Nge2 0-0 7. 0-0 d6 8. d3 Ne8 9. Be3 Ne5 10. Bh6 Bxh6 11. b3 Qb6 1/2-1/2

[Event "IECC CL4-2000.03"]
[Site "IECC email"]
[Date "1999.11.11"]
[Round "?"]
[White "Rego, Sandro da Silva"]
[Black "Perez, Maria Jose"]
[Result "1/2-1/2"]
[WhiteElo "1791"]
[BlackElo "1756"]
[PlyCount "33"]
[EventDate "2000.??.??"]
[EventType "tourn (corr)"]
[EventRounds "4"]
[SourceTitle "Corr 2008"]
[Source "ChessBase"]
[SourceDate "2008.06.24"]
[SourceVersion "1"]
[SourceVersionDate "2008.06.24"]
[SourceQuality "1"]

1. e4 d6 2. d4 Nf6 3. Nc3 g6 4. f4 Bg7 5. Nf3 c5 6. Bb5+ Bd7 7. e5 Ng4 8. Bxd7+ Qxd7 9. d5 dxe5 10. h3 e4 11. Nxe4 Nf6 12. Nxf6+ Bxf6 13. 0-0 0-0 14. Be3 Rd8 15. c4 e6 16. Ne5 Qe7 17. Qb3 1/2-1/2

[Event "IECG L1.1999.0.00005 email"]
[Site "IECG email"]
[Date "1999.11.01"]
[Round "?"]
[White "Rego, Sandro da Silva"]
[Black "Sherwood, Russell"]
[Result "0-1"]
[WhiteElo "1820"]
[BlackElo "2000"]
[PlyCount "46"]
[EventDate "1999.09.06"]
[EventType "tourn (corr)"]
[EventRounds "14"]
[SourceTitle "Corr 2008"]
[Source "ChessBase"]
[SourceDate "2008.06.24"]
[SourceVersion "1"]
[SourceVersionDate "2008.06.24"]
[SourceQuality "1"]

1. e4 c5 2. Nf3 Nc6 3. d4 cxd4 4. Nxd4 Qb6 5. Nb3 Nf6 6. Nc3 e6 7. Be3 Qc7 8. Bd3 Be7 9. f4 d6 10. Qe2 a6 11. g4 b5 12. g5 Nd7 13. 0-0-0 Nb4 14. Rhg1 Nxd3+ 15. Qxd3 b4 16. Nb1 a5 17. f5 Ne5 18. Qd4 exf5 19. Rgf1 fxe4 20. Qxe4 Bb7 21. Qf5 0-0 22. Rd4 a4 23. N3d2 g6 0-1

[Event "IECG CP.1999.P.00090"]
[Site "IECG email"]
[Date "1999.10.01"]
[Round "?"]
[White "Rego, Sandro da Silva"]
[Black "Plinke, Robert Wayne"]
[Result "1/2-1/2"]
[WhiteElo "1789"]
[BlackElo "1781"]
[PlyCount "41"]
[EventDate "1999.10.01"]
[EventType "tourn (corr)"]
[EventRounds "6"]
[EventCountry "NZL"]
[SourceTitle "Corr 2008"]
[Source "ChessBase"]
[SourceDate "2008.06.24"]
[SourceVersion "1"]
[SourceVersionDate "2008.06.24"]
[SourceQuality "1"]

1. e4 g6 2. d4 Bg7 3. Nc3 c5 4. Nf3 cxd4 5. Nxd4 Nc6 6. Be3 Nf6 7. Bc4 Qa5 8. 0-0 0-0 9. Bb3 d6 10. h3 Bd7 11. f4 Nxd4 12. Bxd4 Bc6 13. Nd5 Rfe8 14. f5 Nxe4 15. Bxg7 Kxg7 16. Qd4+ Nf6 17. Nxf6 exf6 18. fxg6 Qg5 19. Rf2 fxg6 20. Raf1 Qe5 21. Qxe5 1/2-1/2

[Event "IECG CP.1999.P.00090"]
[Site "IECG email"]
[Date "1999.10.01"]
[Round "?"]
[White "Zurowski, Dennis"]
[Black "Rego, Sandro da Silva"]
[Result "0-1"]
[WhiteElo "1229"]
[BlackElo "1789"]
[PlyCount "20"]
[EventDate "1999.10.01"]
[EventType "tourn (corr)"]
[EventRounds "6"]
[EventCountry "NZL"]
[SourceTitle "Corr 2008"]
[Source "ChessBase"]
[SourceDate "2008.06.24"]
[SourceVersion "1"]
[SourceVersionDate "2008.06.24"]
[SourceQuality "1"]

1. e4 c5 2. Nf3 d6 3. d4 cxd4 4. Nxd4 Nf6 5. Nc3 a6 6. Bc4 e6 7. 0-0 b5 8. Bd3 Bb7 9. Bg5 Be7 10. Qe2 0-0 0-1

[Event "IECG L1.1999.0.00005 email"]
[Site "IECG email"]
[Date "1999.09.06"]
[Round "?"]
[White "Di Tolla, Francesco"]
[Black "Rego, Sandro da Silva"]
[Result "1-0"]
[WhiteElo "1967"]
[BlackElo "1820"]
[PlyCount "43"]
[EventDate "1999.09.06"]
[EventType "tourn (corr)"]
[EventRounds "14"]
[SourceTitle "Corr 2008"]
[Source "ChessBase"]
[SourceDate "2008.06.24"]
[SourceVersion "1"]
[SourceVersionDate "2008.06.24"]
[SourceQuality "1"]

1. d4 c5 2. d5 Nf6 3. Nf3 b5 4. Bg5 Bb7 5. Bxf6 exf6 6. e4 c4 7. Be2 Bc5 8. 0-0 a6 9. b3 cxb3 10. axb3 0-0 11. c4 bxc4 12. Bxc4 Re8 13. Nc3 d6 14. Nd4 Nd7 15. Nf5 Ne5 16. Be2 Ng6 17. Ra4 Qb6 18. Rc4 Bb4 19. Na4 Qa5 20. Qd4 Nf4 21. Bf3 Bc5 22. Nxc5 1-0

[Event "IECG L1.1999.0.00005 email"]
[Site "IECG email"]
[Date "1999.09.06"]
[Round "?"]
[White "Kulvietis, Marijus"]
[Black "Rego, Sandro da Silva"]
[Result "1/2-1/2"]
[WhiteElo "1991"]
[BlackElo "1820"]
[PlyCount "24"]
[EventDate "1999.09.06"]
[EventType "tourn (corr)"]
[EventRounds "14"]
[SourceTitle "Corr 2008"]
[Source "ChessBase"]
[SourceDate "2008.06.24"]
[SourceVersion "1"]
[SourceVersionDate "2008.06.24"]
[SourceQuality "1"]

1. e4 c5 2. Nf3 d6 3. d4 cxd4 4. Nxd4 Nf6 5. Nc3 a6 6. Bg5 e6 7. f4 Nbd7 8. Bc4 Qb6 9. Nb3 h6 10. Bxf6 Nxf6 11. Qe2 Be7 12. 0-0-0 0-0 1/2-1/2

[Event "IECG L1.1999.0.00005 email"]
[Site "IECG email"]
[Date "1999.09.06"]
[Round "?"]
[White "Rego, Sandro da Silva"]
[Black "Fages, Jorge Juan"]
[Result "1/2-1/2"]
[WhiteElo "1820"]
[BlackElo "1806"]
[PlyCount "39"]
[EventDate "1999.09.06"]
[EventType "tourn (corr)"]
[EventRounds "14"]
[SourceTitle "Corr 2008"]
[Source "ChessBase"]
[SourceDate "2008.06.24"]
[SourceVersion "1"]
[SourceVersionDate "2008.06.24"]
[SourceQuality "1"]

1. e4 e5 2. Nf3 Nf6 3. Nxe5 d6 4. Nf3 Nxe4 5. d4 d5 6. Bd3 Be7 7. 0-0 Nc6 8. Re1 Bg4 9. c4 Nf6 10. Nc3 Bxf3 11. Qxf3 Nxd4 12. Qd1 Ne6 13. Bf5 dxc4 14. Qa4+ c6 15. Qxc4 0-0 16. Bxe6 fxe6 17. Qxe6+ Rf7 18. Bg5 Nd5 19. Bxe7 Qxe7 20. Qxe7 1/2-1/2

[Event "IECG C1.1999.0.00232"]
[Site "IECG email"]
[Date "1999.08.31"]
[Round "?"]
[White "Rego, Sandro da Silva"]
[Black "De Schepper, Bart"]
[Result "1/2-1/2"]
[WhiteElo "1820"]
[BlackElo "1902"]
[PlyCount "39"]
[EventDate "1999.08.31"]
[EventType "tourn (corr)"]
[EventRounds "6"]
[SourceTitle "Corr 2008"]
[Source "ChessBase"]
[SourceDate "2008.06.24"]
[SourceVersion "1"]
[SourceVersionDate "2008.06.24"]
[SourceQuality "1"]

1. e4 c5 2. Nf3 d6 3. d4 cxd4 4. Nxd4 Nf6 5. Nc3 g6 6. Be3 Bg7 7. f3 0-0 8. Qd2 Nc6 9. Bc4 Bd7 10. 0-0-0 Rc8 11. Bb3 Ne5 12. Bg5 Nc4 13. Bxc4 Rxc4 14. e5 dxe5 15. Nb3 Rc7 16. Nb5 Bf5 17. Nxc7 Qxc7 18. g4 Be6 19. Rhe1 Rc8 20. Kb1 1/2-1/2

[Event "IECC M email"]
[Site "IECC email"]
[Date "1999.08.27"]
[Round "?"]
[White "Cashon, John J"]
[Black "Rego, Sandro da Silva"]
[Result "1-0"]
[WhiteElo "1853"]
[BlackElo "1836"]
[PlyCount "47"]
[EventDate "1999.??.??"]
[EventType "tourn (corr)"]
[EventRounds "6"]
[SourceTitle "Corr 2008"]
[Source "ChessBase"]
[SourceDate "2008.06.24"]
[SourceVersion "1"]
[SourceVersionDate "2008.06.24"]
[SourceQuality "1"]

1. e4 c5 2. Nf3 d6 3. Nc3 a6 4. d4 cxd4 5. Qxd4 Nc6 6. Qd3 g6 7. Be3 Bg7 8. Nd5 Rb8 9. Bb6 Qd7 10. 0-0-0 Nf6 11. Nxf6+ Bxf6 12. Be2 0-0 13. Kb1 Qe6 14. Qe3 Nb4 15. b3 Bg7 16. Bc4 Qg4 17. h3 Qd7 18. Qd2 Nc6 19. Rhe1 Qe8 20. e5 Bxe5 21. Bc7 Ra8 22. Nxe5 Nxe5 23. Rxe5 dxe5 24. Bxe5 1-0

[Event "IECC CL3-1999.33"]
[Site "IECC email"]
[Date "1999.08.23"]
[Round "?"]
[White "Rego, Sandro da Silva"]
[Black "Montalta, Benedikt"]
[Result "1/2-1/2"]
[WhiteElo "1795"]
[BlackElo "1856"]
[PlyCount "59"]
[EventDate "1999.??.??"]
[EventType "tourn (corr)"]
[EventRounds "4"]
[SourceTitle "Corr 2008"]
[Source "ChessBase"]
[SourceDate "2008.06.24"]
[SourceVersion "1"]
[SourceVersionDate "2008.06.24"]
[SourceQuality "1"]

1. e4 c5 2. Nf3 d6 3. d4 cxd4 4. Nxd4 Nf6 5. Nc3 a6 6. Bg5 e6 7. f4 Be7 8. Qf3 h6 9. Bh4 Qc7 10. 0-0-0 Nbd7 11. Qg3 g5 12. fxg5 Nh5 13. Qe3 Qc5 14. Kb1 hxg5 15. Bf2 Ne5 16. Qd2 Qc7 17. Nf3 b5 18. Nxg5 b4 19. Na4 Rb8 20. b3 Bb7 21. Bd3 Bc6 22. Nb2 Nxd3 23. cxd3 Rg8 24. Be3 d5 25. exd5 Bxd5 26. Nf3 Qb7 27. Rhf1 Nf6 28. Nc4 Bxc4 29. bxc4 b3 30. Bf4 1/2-1/2

[Event "IECC CL3-1999.33"]
[Site "IECC email"]
[Date "1999.08.23"]
[Round "?"]
[White "Yerastov, Yuri"]
[Black "Rego, Sandro da Silva"]
[Result "1/2-1/2"]
[WhiteElo "1835"]
[BlackElo "1804"]
[PlyCount "54"]
[EventDate "1999.??.??"]
[EventType "tourn (corr)"]
[EventRounds "4"]
[SourceTitle "Corr 2008"]
[Source "ChessBase"]
[SourceDate "2008.06.24"]
[SourceVersion "1"]
[SourceVersionDate "2008.06.24"]
[SourceQuality "1"]

1. e4 c5 2. Nf3 d6 3. d4 cxd4 4. Nxd4 Nf6 5. Nc3 a6 6. Be2 e5 7. Nb3 Be6 8. a4 Nc6 9. 0-0 Be7 10. Be3 0-0 11. Qd2 d5 12. exd5 Nxd5 13. Nxd5 Qxd5 14. Rfd1 Qxd2 15. Rxd2 Rfd8 16. Rad1 Rxd2 17. Rxd2 Rd8 18. Rxd8+ Bxd8 19. Nc5 Bc8 20. Bf3 a5 21. Bd2 Bb6 22. Bxc6 Bxc5 23. Bd5 b6 24. c3 Bd7 25. b4 Bd6 26. bxa5 bxa5 27. Bb3 Kf8 1/2-1/2

[Event "IECC M email"]
[Site "IECC email"]
[Date "1999.08.18"]
[Round "?"]
[White "Makarczuk, Jacek"]
[Black "Rego, Sandro da Silva"]
[Result "1/2-1/2"]
[WhiteElo "1817"]
[BlackElo "1800"]
[PlyCount "80"]
[EventDate "1999.??.??"]
[EventType "tourn (corr)"]
[EventRounds "6"]
[SourceTitle "Corr 2008"]
[Source "ChessBase"]
[SourceDate "2008.06.24"]
[SourceVersion "1"]
[SourceVersionDate "2008.06.24"]
[SourceQuality "1"]

1. Nf3 e6 2. c4 d5 3. cxd5 exd5 4. g3 Nf6 5. Bg2 Be7 6. 0-0 0-0 7. d4 c6 8. Nbd2 Bf5 9. h3 Nbd7 10. Nb3 Bd6 11. Bd2 Qe7 12. g4 Bg6 13. Nh4 Ne4 14. Nxg6 fxg6 15. a3 Nb6 16. Na5 Rf7 17. e3 Raf8 18. f4 c5 19. Bc1 cxd4 20. Bxe4 Qxe4 21. Qxd4 Qxd4 22. exd4 Nc4 23. b4 Nxa5 24. bxa5 Bxf4 25. Bxf4 Rxf4 26. Rxf4 Rxf4 27. Rb1 Rxd4 28. Rxb7 Rd3 29. Kg2 Rxa3 30. Rxa7 d4 31. a6 g5 32. Rd7 Rxa6 33. Rxd4 Ra2+ 34. Kg1 Kf7 35. Rd5 h6 36. Rb5 Kf6 37. Rf5+ Ke6 38. Rb5 Rd2 39. Rf5 Rd5 40. Rf2 Rd3 1/2-1/2